Billboard #1 Hits of 1967 - Statistics

General Stats
  • This quiz has been taken 9 times
  • The average score is 12 of 18
Answer Stats
Hint Extra Hint Explanation Answer % Correct
Respect 3 June (2 wks.) Listen on YouTube Aretha Franklin
100%
Penny Lane 18 March (1 wk.) Listen on YouTube The Beatles
100%
All You Need Is Love 19 August (1 wk.) Listen on YouTube The Beatles
100%
Light My Fire 29 July (3 wks.) Listen on YouTube The Doors
100%
Daydream Believer 2 December (4 wks.) Listen on YouTube The Monkees
100%
Ruby Tuesday 4 March (1 wk.) Listen on YouTube The Rolling Stones
100%
Happy Together 25 March (3 wks.) Listen on YouTube The Turtles
89%
To Sir With Love 21 October (5 wks.) Listen on YouTube Lulu
78%
Somethin' Stupid 15 April (4 wks.) Listen on YouTube Nancy Sinatra and Frank Sinatra
67%
Incense and Peppermints 25 November (1 wk.) Listen on YouTube Strawberry Alarm Clock
67%
Hello, Goodbye 30 December (3 wks.) Listen on YouTube The Beatles
67%
Ode to Billie Joe 26 August (4 wks.) Listen on YouTube Bobbie Gentry
56%
Groovin' 20 May (2 wks.)
17 June (2 wks.)
Listen on YouTube The Young Rascals
44%
Windy 1 July (4 wks.) Listen on YouTube The Association
33%
The Letter 23 September (4 wks.) Listen on YouTube The Box Tops
33%
Kind of a Drag 18 February (2 wks.) Listen on YouTube The Buckinghams
33%
The Happening 13 May (1 wk.) Listen on YouTube The Supremes
22%
Love Is Here and Now You’re Gone 11 March (1 wk.) Listen on YouTube The Supremes
11%
No matching quizzes found
Score Distribution
Percent of People with Each Score
Percentile by Number Answered
Your Score History
You have not taken this quiz